Промышленные воды нефтегазодобывающих районов Томской области - ресурсная база новой отрасли горнодобывающей промышленности; Гидрогеология, инженерная геология и гидрогеоэкология

Bibliographic Details
Parent link:Гидрогеология, инженерная геология и гидрогеоэкология.— 2005.— С. 256-258
Main Author: Янковский В. В. Владимир Владимирович
Language:Russian
Published: 2005
Subjects:
Format: Book Chapter
KOHA link:https://koha.lib.tpu.ru/cgi-bin/koha/opac-detail.pl?biblionumber=91789

MARC

LEADER 00000naa2a2200000 4500
001 91789
005 20231031104248.0
035 |a (RuTPU)RU\TPU\book\98379 
090 |a 91789 
100 |a 20060301d2005 k y0rusy50 ca 
101 0 |a rus 
102 |a RU 
200 1 |a Промышленные воды нефтегазодобывающих районов Томской области - ресурсная база новой отрасли горнодобывающей промышленности  |f В. В. Янковский 
320 |a Библиогр.: 5 назв. 
463 0 |0 (RuTPU)RU\TPU\book\95217  |y 5-89503-261-3  |t Гидрогеология, инженерная геология и гидрогеоэкология  |o материалы конференции, посвященной 75-летию кафедры ГИГЭ ТПУ, Томск, декабрь 2005 г.  |f Томский политехнический университет; под ред. С. Л. Шварцева  |v С. 256-258  |d 2005  |p 400 с. 
610 1 |a промышленные воды 
610 1 |a нефтегазодобыча 
610 1 |a Томская область 
610 1 |a ресурсы 
610 1 |a горнодобывающая промышленность 
610 1 |a труды учёных ТПУ 
700 1 |a Янковский  |b В. В.  |c российский гидрогеолог  |c доцент Томского политехнического университета  |g Владимир Владимирович  |2 stltpush  |3 (RuTPU)RU\TPU\pers\26225 
801 1 |a RU  |b 63413507  |c 20060301  |g PSBO 
801 2 |a RU  |b 63413507  |c 20111106  |g PSBO 
942 |c BK